000
00336 a2200157 4500
001
47237
020
_a
9788574063591 (broch.)
040
_c
Anchieta - Aquarius
100
_a
Fisher, Jeff
240
1
0
_a
Cabelos
_l
por
245
1
0
_a
Cabelos
300
_a
28p.
362
0
_a
2009
650
4
_a
Literatura infanto-juvenil
942
_c
BK
999
_c
47237
_d
47237